000 00834nam a2200241Ia 4500
003 OSt
005 20220925223932.0
006 a|||||r|||| 00| 0
007 ta
008 220923b |||||||| |||| 00| 0 eng d
020 _a9780415735971
_c7596.4499999999998
037 _bP-934/15-16, 16/02/2016, Manohar Publishers & Distributors
_cGeneral Book
040 _aRTL
_cRTL
_beng
041 _2eng
_aeng
082 _aU43.275, Q5
100 _aBOSE Pablo Shiladitya
_9290534
245 0 _aUrban development in India
_b Global Indians in the remaking of Kolkata.
260 _aLondon
_bRoutledge
_c2015
300 _ax,166p.
_ccm.
650 _aGeography
942 _hU43.275, Q5
_cGB
_2CC
999 _c580646
_d580646